Southville International School and Colleges
Your cart is empty.
  • Cart
  • Lists
    Public lists Eva Luna New books Lux_list list_1
    Your lists Log in to create your own lists
  • Log in to your account
  • Your cookies
  • Search history
Southville International School and Colleges
  • Advanced search
  • Recent comments
  • Most popular
  • Libraries

Log in to your account

Log in with GOOGLE


If you do not have an external account, but do have a local account, you can still log in:

  1. Home
  2. MARC view: Tourism impacts, planning and management /
Normal view MARC view ISBD view

Tourism impacts, planning and management / (Record no. 115573)

[ view plain ]
MARC details
000 -LEADER
fixed length control field 00625nam a2200205Ia 4500
003 - CONTROL NUMBER IDENTIFIER
control field PILC
005 - DATE AND TIME OF LATEST TRANSACTION
control field 20181215095305.0
008 - FIXED-LENGTH DATA ELEMENTS--GENERAL INFORMATION
fixed length control field 140429s9999 xx 000 0 und d
020 ## - INTERNATIONAL STANDARD BOOK NUMBER
International Standard Book Number 9780750684927
050 ## - LIBRARY OF CONGRESS CALL NUMBER
Classification number G 155.A1
Item number .M381 2008
100 ## - MAIN ENTRY--PERSONAL NAME
Personal name Mason, Peter.
245 ## - TITLE STATEMENT
Title Tourism impacts, planning and management /
Statement of responsibility, etc Peter Mason.
250 ## - EDITION STATEMENT
Edition statement 2nd edition.
260 ## - PUBLICATION, DISTRIBUTION, ETC. (IMPRINT)
Place of publication, distribution, etc Boston :
Name of publisher, distributor, etc Elsevier/Butterworth Heinemann,
Date of publication, distribution, etc 2008.
300 ## - PHYSICAL DESCRIPTION
Extent 289 pages :
Other physical details illustrations ;
Dimensions 25 cm.
500 ## - GENERAL NOTE
General note Includes bibliographical references and index.
650 ## - SUBJECT ADDED ENTRY--TOPICAL TERM
Topical term or geographic name as entry element Tourism
General subdivision Management.
942 ## - ADDED ENTRY ELEMENTS (KOHA)
Call number prefix Foreign
Koha item type Books
Source of classification or shelving scheme Library of Congress Classification
Holdings
Withdrawn status Lost status Source of classification or shelving scheme Damaged status Home library Current library Shelving location Date acquired Source of acquisition Total Checkouts Full call number Barcode Date last seen Price effective from Koha item type
    Library of Congress Classification   Archives Archives   04/29/2014 Donation   G 155.A1 .M381 2008 C15023 05/15/2018 04/29/2014 Books

Tourism impacts, planning and management /

APA

Mason P., . (2008). Tourism impacts, planning and management. Boston: Elsevier/Butterworth Heinemann.

Chicago

Mason Peter, . 2008. Tourism impacts, planning and management. Boston: Elsevier/Butterworth Heinemann.

Harvard

Mason P., . (2008). Tourism impacts, planning and management. Boston: Elsevier/Butterworth Heinemann.

MLA

Mason Peter, . Tourism impacts, planning and management. Boston: Elsevier/Butterworth Heinemann. 2008.

  • Place hold
  • Print
  • Cite
  • Add to your cart (remove)
  • Save record
    BIBTEX Dublin Core MARCXML MARC (non-Unicode/MARC-8) MARC (Unicode/UTF-8) MARC (Unicode/UTF-8, Standard) MODS (XML) RIS
  • More searches
    Search for this title in:
    Other Libraries (WorldCat) Other Databases (Google Scholar) Online Stores (Bookfinder.com) Open Library (openlibrary.org)

Exporting to Dublin Core...

SOUTHVILLE LIBRARY

Southville International School and Colleges Library

1281 Tropical Ave. Cor. Luxembourg St., BF Homes International, Las Pinas City

Tel. No. 8256374 / 252358 Loc. 117/146

Powered by Koha